[Event "SC-2011-0-00087"]
[Site "LSS email"]
[Date "2011.02.01"]
[Round "?"]
[White "Moreira, Carlos Alberto Lima"]
[Black "Billaudelle, Frank"]
[Result "1-0"]
[WhiteElo "1746"]
[BlackElo "1708"]
[PlyCount "51"]
[EventDate "2011.01.05"]
[EventType "tourn (corr)"]
[EventRounds "6"]
[EventCountry "GER"]
[SourceTitle "Telechess CBM 151"]
[Source "ChessBase"]
[SourceDate "2012.11.13"]
[SourceVersion "1"]
[SourceVersionDate "2012.11.13"]
[SourceQuality "1"]

1. e4 e6 2. d4 d5 3. Nc3 Bb4 4. e5 c5 5. a3 Bxc3+ 6. bxc3 c4 7. Qg4 Kf8 8. a4 Nc6 9. h4 h5 10. Qd1 Nh6 11. Qxh5 Bd7 12. Qd1 Nf5 13. Nf3 Nxh4 14. Bg5 Nxf3+ 15. Qxf3 Rxh1 16. Bxd8 Rxd8 17. g3 Rg1 18. Qh5 a6 19. Qh2 Rxf1+ 20. Kxf1 Ne7 21. Qh4 Rc8 22. Qh8+ Ng8 23. Ke2 Ke7 24. Qxg7 Rf8 25. Rh1 Be8 26. a5 1-0

[Event "CP-2010-P-00041"]
[Site "LSS email"]
[Date "2010.09.28"]
[Round "?"]
[White "Billaudelle, Frank"]
[Black "Nyeste, Gyula"]
[Result "1-0"]
[WhiteElo "1753"]
[BlackElo "905"]
[PlyCount "75"]
[EventDate "2010.10.01"]
[EventType "tourn (corr)"]
[EventRounds "6"]
[EventCountry "GER"]
[SourceTitle "Telechess CBM 151"]
[Source "ChessBase"]
[SourceDate "2012.11.13"]
[SourceVersion "1"]
[SourceVersionDate "2012.11.13"]
[SourceQuality "1"]

1. e4 c5 2. Nf3 e6 3. d4 cxd4 4. Nxd4 Nf6 5. Nc3 Nc6 6. Be3 Bb4 7. Qd3 Be7 8. a3 Ne5 9. Qd1 Qa5 10. Qd2 Qc7 11. Ndb5 Qc6 12. Nd4 Qc7 13. Ndb5 Qd8 14. Nd4 0-0 15. Be2 d5 16. exd5 exd5 17. 0-0 a6 18. Nf3 Nxf3+ 19. Bxf3 Be6 20. Rad1 Qc7 21. Bf4 Qc6 22. Rfe1 Rad8 23. Be5 b5 24. Ne2 Ne4 25. Bxe4 dxe4 26. Qc3 Qxc3 27. Nxc3 f5 28. f4 exf3 29. gxf3 Bc5+ 30. Kg2 g6 31. f4 h6 32. Rd3 Rd7 33. Red1 Rfd8 34. Rxd7 Bxd7 35. Kg3 Kf7 36. Bc7 Re8 37. Rxd7+ Ke6 38. Rd5 1-0

[Event "LSS RB-2010-0-00094"]
[Site "LSS email"]
[Date "2010.09.01"]
[Round "?"]
[White "Billaudelle, Frank"]
[Black "Def, Persey"]
[Result "0-1"]
[WhiteElo "1818"]
[BlackElo "1871"]
[PlyCount "66"]
[EventDate "2010.07.10"]
[EventType "tourn (corr)"]
[EventRounds "6"]
[EventCountry "GER"]
[SourceTitle "Telechess CBM 143"]
[Source "ChessBase"]
[SourceDate "2011.07.15"]
[SourceVersion "1"]
[SourceVersionDate "2011.07.15"]
[SourceQuality "1"]

1. e4 c5 2. Nf3 Nc6 3. d4 cxd4 4. Nxd4 Nf6 5. Nc3 e5 6. Ndb5 d6 7. Bg5 a6 8. Na3 b5 9. Nd5 Be7 10. Bxf6 Bxf6 11. c3 0-0 12. Nc2 Rb8 13. Qd2 Bg5 14. Qd3 f5 15. Be2 fxe4 16. Qd1 Ne7 17. a4 bxa4 18. Rxa4 Rxb2 19. 0-0 Nxd5 20. Qxd5+ Kh8 21. Ra2 Bb7 22. Qc4 d5 23. Qa4 Rxa2 24. Qxa2 d4 25. cxd4 exd4 26. Bxa6 Bxa6 27. Qxa6 d3 28. Nb4 d2 29. Rd1 Qd4 30. Qe2 Qxb4 31. h4 Bxh4 32. g3 Bg5 33. Kg2 Qb3 0-1

[Event "LSS RB-2010-0-00094"]
[Site "LSS email"]
[Date "2010.09.01"]
[Round "?"]
[White "Billaudelle, Frank"]
[Black "Pott, Brian"]
[Result "0-1"]
[WhiteElo "1789"]
[BlackElo "1680"]
[PlyCount "66"]
[EventDate "2010.07.10"]
[EventType "tourn (corr)"]
[EventRounds "6"]
[EventCountry "GER"]
[SourceTitle "Telechess CBM 143"]
[Source "ChessBase"]
[SourceDate "2011.07.15"]
[SourceVersion "1"]
[SourceVersionDate "2011.07.15"]
[SourceQuality "1"]

1. e4 e5 2. Nf3 Nc6 3. Bb5 a6 4. Ba4 Nf6 5. 0-0 Nxe4 6. Re1 Nc5 7. Bxc6 dxc6 8. Nxe5 Be7 9. d4 Ne6 10. c3 0-0 11. Nd2 Re8 12. Ne4 f6 13. Nd3 a5 14. Nf4 Bf8 15. Qb3 a4 16. Qc4 Kh8 17. Nc5 Nxc5 18. Rxe8 Qxe8 19. dxc5 Qe1+ 20. Qf1 Qxf1+ 21. Kxf1 Bxc5 22. Nd3 Bd6 23. Be3 b6 24. Nb4 c5 25. Nd3 Ba6 26. Rd1 a3 27. bxa3 Bc4 28. Ke2 Rxa3 29. Rd2 Rxc3 30. h3 Ra3 31. g4 Kg8 32. g5 fxg5 33. Bxg5 Ba6 0-1

[Event "LSS RB-2010-0-00094"]
[Site "LSS email"]
[Date "2010.09.01"]
[Round "?"]
[White "Billaudelle, Frank"]
[Black "Windheim, Charles"]
[Result "0-1"]
[WhiteElo "1836"]
[BlackElo "1934"]
[PlyCount "62"]
[EventDate "2010.07.10"]
[EventType "tourn (corr)"]
[EventRounds "6"]
[EventCountry "GER"]
[SourceTitle "Telechess CBM 143"]
[Source "ChessBase"]
[SourceDate "2011.07.15"]
[SourceVersion "1"]
[SourceVersionDate "2011.07.15"]
[SourceQuality "1"]

1. e4 c5 2. Nf3 g6 3. d4 cxd4 4. Nxd4 Nc6 5. Be3 Nf6 6. Nc3 Bg7 7. Qd2 0-0 8. 0-0-0 Ng4 9. h3 Nxe3 10. fxe3 Ne5 11. Be2 d6 12. Kb1 a6 13. h4 h5 14. Nf3 Bd7 15. Nd5 Ng4 16. Rdf1 e6 17. Nf4 Qb6 18. Nd4 Nf6 19. g4 e5 20. Nxg6 fxg6 21. Nf3 Nxg4 22. Bc4+ Kh8 23. Qg2 Nxe3 24. Qxg6 Nxc4 25. b3 Be8 26. Qg2 Rc8 27. Ne1 Na3+ 28. Kb2 Rxf1 29. Rxf1 Qd4+ 30. Kxa3 Rc5 31. b4 Qc3# 0-1

[Event "LSS RB-2010-0-00094"]
[Site "LSS email"]
[Date "2010.09.01"]
[Round "?"]
[White "Ottaviani, Mauro"]
[Black "Billaudelle, Frank"]
[Result "1-0"]
[WhiteElo "1667"]
[BlackElo "1803"]
[PlyCount "55"]
[EventDate "2010.07.10"]
[EventType "tourn (corr)"]
[EventRounds "6"]
[EventCountry "GER"]
[SourceTitle "Telechess CBM 143"]
[Source "ChessBase"]
[SourceDate "2011.07.15"]
[SourceVersion "1"]
[SourceVersionDate "2011.07.15"]
[SourceQuality "1"]

1. e4 e5 2. Nf3 Nf6 3. Nxe5 d6 4. Nf3 Nxe4 5. d4 d5 6. Bd3 Be7 7. 0-0 0-0 8. Nbd2 Nf6 9. Re1 Re8 10. Nf1 c6 11. Ng3 h6 12. Nf5 Bf8 13. Rxe8 Qxe8 14. h3 Ne4 15. N3h4 Bxf5 16. Nxf5 Nd7 17. Qg4 Kh8 18. Bf4 Ndf6 19. Qe2 c5 20. c3 c4 21. Bc2 b5 22. Re1 g6 23. Nxh6 Bxh6 24. Bxh6 Kh7 25. Bc1 Qd7 26. Qe3 Qf5 27. Bxe4 dxe4 28. Qh6+ 1-0

[Event "LSS SA-2010-0-00134"]
[Site "LSS email"]
[Date "2010.06.06"]
[Round "?"]
[White "Billaudelle, Frank"]
[Black "Vorobjev, Albert"]
[Result "0-1"]
[WhiteElo "1918"]
[BlackElo "2106"]
[PlyCount "36"]
[EventDate "2010.05.06"]
[EventType "tourn (corr)"]
[EventRounds "6"]
[EventCountry "GER"]
[SourceTitle "Telechess CBM 141"]
[Source "ChessBase"]
[SourceDate "2011.03.17"]
[SourceVersion "1"]
[SourceVersionDate "2011.03.17"]
[SourceQuality "1"]

1. e4 e6 2. d4 b6 3. Bd3 Bb7 4. Nf3 c5 5. c3 Nf6 6. 0-0 Nxe4 7. Bxe4 Bxe4 8. Nbd2 Bb7 9. Nb3 Qf6 10. Bg5 Bxf3 11. Bxf6 Bxd1 12. Bxg7 Bxg7 13. Raxd1 cxd4 14. Nxd4 Bxd4 15. cxd4 d5 16. Rc1 Kd7 17. Rfd1 Na6 18. a3 Rac8 0-1

[Event "LSS No Engine Cup 21 Preliminary 1"]
[Site "LSS email"]
[Date "2010.05.03"]
[Round "?"]
[White "Schnoewitz, Brigitte"]
[Black "Billaudelle, Frank"]
[Result "1-0"]
[WhiteElo "1104"]
[BlackElo "1768"]
[PlyCount "73"]
[EventDate "2010.05.04"]
[EventType "tourn (corr)"]
[EventRounds "6"]
[EventCountry "GER"]
[SourceTitle "Telechess CBM 147"]
[Source "ChessBase"]
[SourceDate "2012.03.16"]
[SourceVersion "1"]
[SourceVersionDate "2012.03.16"]
[SourceQuality "1"]

1. d4 d5 2. e3 Nf6 3. c4 c6 4. Nc3 a6 5. Nf3 Bf5 6. Be2 e6 7. 0-0 Bd6 8. cxd5 cxd5 9. Nh4 Bg6 10. h3 Nc6 11. a3 Rc8 12. Nxg6 hxg6 13. Na4 0-0 14. b4 Nd7 15. Nc5 Nxc5 16. bxc5 Bb8 17. a4 g5 18. Rb1 Qe7 19. Bf3 g6 20. e4 Rcd8 21. exd5 exd5 22. Re1 Qc7 23. g3 Qd7 24. Kg2 f6 25. Rb6 Ba7 26. Rb3 Na5 27. Rbe3 Nc6 28. Re6 Bb8 29. Bxg5 Nxd4 30. Re7 fxg5 31. Rxd7 Rxd7 32. Qxd4 Kh7 33. Bg4 Rdf7 34. f3 Rd8 35. Re6 Rg7 36. Qf6 d4 37. Qxd8 1-0

[Event "LSS No Engine Cup 19 Preliminary 1"]
[Site "LSS email"]
[Date "2010.03.22"]
[Round "?"]
[White "Billaudelle, Frank"]
[Black "Helmbrecht, John R"]
[Result "0-1"]
[WhiteElo "1768"]
[BlackElo "1648"]
[PlyCount "68"]
[EventDate "2010.03.23"]
[EventType "tourn (corr)"]
[EventRounds "6"]
[EventCountry "GER"]
[SourceTitle "Corr 2013"]
[Source "ChessBase"]
[SourceDate "2012.11.12"]
[SourceVersion "1"]
[SourceVersionDate "2012.11.12"]
[SourceQuality "1"]

1. e4 e5 2. Nf3 Nc6 3. Bb5 a6 4. Ba4 Nf6 5. 0-0 Be7 6. Re1 b5 7. Bb3 0-0 8. h3 Bb7 9. a3 Na5 10. d3 Nxb3 11. cxb3 d6 12. Nbd2 c5 13. b4 cxb4 14. axb4 a5 15. bxa5 Rxa5 16. Rxa5 Qxa5 17. Nb3 Qa4 18. Nfd2 Rc8 19. Nb1 Qa6 20. Na3 d5 21. exd5 Bxd5 22. Be3 Bxa3 23. bxa3 Qxa3 24. Nc5 Rxc5 25. Bxc5 Qxc5 26. Rxe5 Qd6 27. d4 h6 28. Qc1 Qc6 29. Qf1 b4 30. f3 b3 31. Qf2 Qb5 32. Re1 Qd3 33. Qe3 Qxe3+ 34. Rxe3 b2 0-1

[Event "LSS No Engine Cup 19 Preliminary 1"]
[Site "LSS email"]
[Date "2010.03.22"]
[Round "?"]
[White "Billaudelle, Frank"]
[Black "Nolf, Francky"]
[Result "1-0"]
[WhiteElo "1768"]
[BlackElo "863"]
[PlyCount "57"]
[EventDate "2010.03.23"]
[EventType "tourn (corr)"]
[EventRounds "6"]
[EventCountry "GER"]
[SourceTitle "Telechess CBM 147"]
[Source "ChessBase"]
[SourceDate "2012.03.16"]
[SourceVersion "1"]
[SourceVersionDate "2012.03.16"]
[SourceQuality "1"]

1. e4 d6 2. Nf3 Nf6 3. Nc3 Nbd7 4. d4 e5 5. dxe5 dxe5 6. Bc4 h6 7. 0-0 Be7 8. Qe2 0-0 9. Rd1 c6 10. Nxe5 Qc7 11. Ng6 Ne5 12. Bf4 Bd6 13. Bxe5 Bxe5 14. Nxf8 Kxf8 15. g3 Bg4 16. f3 Bh5 17. Qf2 Bxc3 18. bxc3 b5 19. Be2 Bg6 20. Qc5+ Kg8 21. Bxb5 Rc8 22. Be2 Bh5 23. Rd2 Bg6 24. Rad1 Kh7 25. Bd3 Nh5 26. e5 Bxd3 27. Rxd3 Re8 28. f4 g6 29. Rd7 1-0

[Event "LSS No Engine Cup 18 Preliminary 2"]
[Site "LSS email"]
[Date "2010.03.05"]
[Round "?"]
[White "Ruzicka, Richard"]
[Black "Billaudelle, Frank"]
[Result "1-0"]
[WhiteElo "1510"]
[BlackElo "1934"]
[PlyCount "69"]
[EventDate "2010.03.06"]
[EventType "tourn (corr)"]
[EventRounds "6"]
[EventCountry "GER"]
[SourceTitle "Telechess CBM 141"]
[Source "ChessBase"]
[SourceDate "2011.03.17"]
[SourceVersion "1"]
[SourceVersionDate "2011.03.17"]
[SourceQuality "1"]

1. e4 e6 2. d4 d5 3. Nc3 dxe4 4. Nxe4 Nf6 5. Nxf6+ Qxf6 6. Nf3 h6 7. Bd3 Bd6 8. 0-0 0-0 9. b3 b6 10. Be4 c6 11. Bb2 Qe7 12. c4 f5 13. Bc2 Nd7 14. Ne5 Nxe5 15. dxe5 Bc7 16. Qe2 Bb7 17. f4 Rad8 18. Rad1 c5 19. Bc1 b5 20. cxb5 Rd5 21. a4 Rfd8 22. Rxd5 Rxd5 23. Rd1 Kh7 24. Rxd5 Bxd5 25. Be3 Bb6 26. Bd1 Bxb3 27. Bxb3 Kg6 28. Qc4 Kf7 29. a5 Bxa5 30. Bxc5 Qd7 31. Bd6 Bd8 32. Qc6 Bb6+ 33. Kf1 Qd8 34. Bxe6+ Kxe6 35. Bc7+ 1-0

[Event "LSS RM-2009-0-00044"]
[Site "LSS email"]
[Date "2010.02.14"]
[Round "?"]
[White "Billaudelle, Frank"]
[Black "Fages, Jorge Juan"]
[Result "0-1"]
[WhiteElo "2181"]
[BlackElo "2162"]
[PlyCount "42"]
[EventDate "2009.11.22"]
[EventType "tourn (corr)"]
[EventRounds "6"]
[EventCountry "GER"]
[SourceTitle "Corr 2013"]
[Source "ChessBase"]
[SourceDate "2012.11.12"]
[SourceVersion "1"]
[SourceVersionDate "2012.11.12"]
[SourceQuality "1"]

1. d4 Nf6 2. Nf3 d5 3. c4 e6 4. e3 dxc4 5. Bxc4 c5 6. 0-0 a6 7. dxc5 Bxc5 8. Qxd8+ Kxd8 9. Nc3 Nc6 10. Bd2 Ke7 11. e4 Nd4 12. Nxd4 Bxd4 13. Rad1 Rd8 14. Bg5 h6 15. Bxf6+ Bxf6 16. Rxd8 Kxd8 17. Rd1+ Bd7 18. Na4 b5 19. Rxd7+ Kxd7 20. Nb6+ Kc6 21. Bd3 Kxb6 0-1

[Event "LSS RM-2009-0-00044"]
[Site "LSS email"]
[Date "2010.02.14"]
[Round "?"]
[White "Billaudelle, Frank"]
[Black "Vaassen, Jack M"]
[Result "0-1"]
[WhiteElo "2109"]
[BlackElo "2138"]
[PlyCount "62"]
[EventDate "2009.11.22"]
[EventType "tourn (corr)"]
[EventRounds "6"]
[EventCountry "GER"]
[SourceTitle "Telechess CBM 141"]
[Source "ChessBase"]
[SourceDate "2011.03.17"]
[SourceVersion "1"]
[SourceVersionDate "2011.03.17"]
[SourceQuality "1"]

1. d4 d5 2. Nf3 Nf6 3. e3 c5 4. dxc5 e6 5. a3 Bxc5 6. b4 Be7 7. Bb2 0-0 8. Bd3 a5 9. b5 Nbd7 10. 0-0 b6 11. Nbd2 Bb7 12. c4 Nc5 13. Bc2 Rc8 14. Qe2 Nfe4 15. Rfd1 f5 16. Ne5 Bf6 17. f4 Nd6 18. a4 Qc7 19. g4 Nd7 20. g5 Bxe5 21. fxe5 Nxc4 22. Nxc4 dxc4 23. Rd6 c3 24. Ba3 Nxe5 25. e4 fxe4 26. Bxe4 Bxe4 27. Qxe4 Rf5 28. Kh1 Qf7 29. Rdd1 Rf4 30. Qxe5 Rg4 31. Rf1 Qb7+ 0-1

[Event "LSS RM-2009-0-00044"]
[Site "LSS email"]
[Date "2010.02.14"]
[Round "?"]
[White "Galvan, Jesus"]
[Black "Billaudelle, Frank"]
[Result "1-0"]
[WhiteElo "2203"]
[BlackElo "1768"]
[PlyCount "67"]
[EventDate "2009.11.22"]
[EventType "tourn (corr)"]
[EventRounds "6"]
[EventCountry "GER"]
[SourceTitle "Corr 2013"]
[Source "ChessBase"]
[SourceDate "2012.11.12"]
[SourceVersion "1"]
[SourceVersionDate "2012.11.12"]
[SourceQuality "1"]

1. d4 d5 2. c4 c6 3. Nc3 Nf6 4. Nf3 a6 5. e3 Bf5 6. Ne5 Nbd7 7. Qb3 Nxe5 8. dxe5 Nd7 9. Qxb7 Nxe5 10. cxd5 Rb8 11. Qxa6 Rb6 12. Qa4 e6 13. e4 Bg6 14. dxc6 Rb4 15. c7+ Rxa4 16. Bb5+ Nd7 17. cxd8Q+ Kxd8 18. Bxa4 Nc5 19. Bc2 e5 20. 0-0 Be7 21. Be3 Kc7 22. Nd5+ Kd7 23. Nxe7 Kxe7 24. Bxc5+ Kf6 25. f4 Rc8 26. b4 exf4 27. Rad1 Kg5 28. Rd5+ f5 29. Be7+ Kh6 30. Rd6 Rxc2 31. Rxf4 Rc1+ 32. Kf2 Rc2+ 33. Ke1 Rc1+ 34. Kd2 1-0

[Event "LSS RM-2009-0-00044"]
[Site "LSS email"]
[Date "2010.02.14"]
[Round "?"]
[White "Ortiz, Manuel"]
[Black "Billaudelle, Frank"]
[Result "1-0"]
[WhiteElo "2277"]
[BlackElo "2190"]
[PlyCount "39"]
[EventDate "2009.11.22"]
[EventType "tourn (corr)"]
[EventRounds "6"]
[EventCountry "GER"]
[SourceTitle "Corr 2013"]
[Source "ChessBase"]
[SourceDate "2012.11.12"]
[SourceVersion "1"]
[SourceVersionDate "2012.11.12"]
[SourceQuality "1"]

1. e4 e5 2. Nf3 Nf6 3. Nxe5 d6 4. Nf3 Nxe4 5. Nc3 Nxc3 6. dxc3 Be7 7. Be3 0-0 8. Qd2 Nd7 9. 0-0-0 Nc5 10. Bc4 Be6 11. Bxe6 Nxe6 12. h4 c5 13. Bg5 Nxg5 14. hxg5 Qa5 15. Qf4 Qxa2 16. Qe4 g6 17. Qxe7 Qa1+ 18. Kd2 Qxb2 19. Rxh7 Rfe8 20. Qxf7# 1-0

[Event "LSS SM-2009-0-00089"]
[Site "LSS email"]
[Date "2009.12.17"]
[Round "?"]
[White "Billaudelle, Frank"]
[Black "Bernal Varela, Nelson"]
[Result "0-1"]
[WhiteElo "2223"]
[BlackElo "2275"]
[PlyCount "22"]
[EventDate "2009.11.26"]
[EventType "tourn (corr)"]
[EventRounds "6"]
[EventCountry "GER"]
[SourceTitle "Corr 2013"]
[Source "ChessBase"]
[SourceDate "2012.11.12"]
[SourceVersion "1"]
[SourceVersionDate "2012.11.12"]
[SourceQuality "1"]
[WhiteTeam "US of America"]
[BlackTeam "US of America"]
[WhiteTeamCountry "USA"]
[BlackTeamCountry "USA"]

1. e4 c5 2. Nf3 d6 3. d4 cxd4 4. Nxd4 Nf6 5. Nc3 a6 6. Be2 e5 7. Nb3 Be7 8. h3 Nc6 9. Be3 Be6 10. Qd2 d5 11. exd5 Nxd5 0-1

[Event "LSS RM-2009-0-00041"]
[Site "LSS email"]
[Date "2009.12.15"]
[Round "?"]
[White "Nicolenco, Sergey"]
[Black "Billaudelle, Frank"]
[Result "1-0"]
[WhiteElo "2114"]
[BlackElo "2249"]
[PlyCount "23"]
[EventDate "2009.10.18"]
[EventType "tourn (corr)"]
[EventRounds "6"]
[EventCountry "GER"]
[SourceTitle "Corr 2013"]
[Source "ChessBase"]
[SourceDate "2012.11.12"]
[SourceVersion "1"]
[SourceVersionDate "2012.11.12"]
[SourceQuality "1"]

1. d4 d5 2. c4 c6 3. Nc3 Nf6 4. Nf3 a6 5. c5 Nbd7 6. Bf4 e6 7. a3 Be7 8. e3 0-0 9. Qc2 Nh5 10. Bd3 Nxf4 11. exf4 g6 12. h4 1-0

[Event "LSS No Engine Cup Gr04 prel 02 email"]
[Site "LSS email"]
[Date "2009.08.04"]
[Round "?"]
[White "Raluy Lopez, Marcos"]
[Black "Billaudelle, Frank"]
[Result "1/2-1/2"]
[WhiteElo "1922"]
[BlackElo "2268"]
[PlyCount "57"]
[EventDate "2009.08.05"]
[EventType "tourn (corr)"]
[EventRounds "6"]
[EventCountry "GER"]
[SourceTitle "Telechess CBM 137"]
[Source "ChessBase"]
[SourceDate "2010.07.15"]
[SourceVersion "1"]
[SourceVersionDate "2010.07.15"]
[SourceQuality "1"]

1. d4 d5 2. c4 c6 3. Nc3 Nf6 4. Nf3 a6 5. c5 Nbd7 6. Bf4 b6 7. cxb6 Qxb6 8. Na4 Qa7 9. Rc1 Bb7 10. e3 e6 11. Bd3 Bb4+ 12. Nc3 a5 13. a3 Be7 14. Na4 Rc8 15. Ne5 Nxe5 16. Bxe5 Ba6 17. 0-0 Bxd3 18. Qxd3 0-0 19. Bxf6 Bxf6 20. f4 Be7 21. Nc5 Bxc5 22. Rxc5 Qb6 23. Qc3 Rb8 24. Rf2 Qb3 25. Rxa5 Qxc3 26. bxc3 Rb3 27. Rc2 Rfb8 28. Kf2 g6 29. Ke2 1/2-1/2

[Event "LSS No Engine Cup 02 Preliminary 2"]
[Site "LSS email"]
[Date "2009.07.02"]
[Round "?"]
[White "Billaudelle, Frank"]
[Black "Tjiptadi, Agus"]
[Result "1-0"]
[WhiteElo "1768"]
[BlackElo "1046"]
[PlyCount "27"]
[EventDate "2009.07.03"]
[EventType "tourn (corr)"]
[EventRounds "6"]
[EventCountry "GER"]
[SourceTitle "Corr 2013"]
[Source "ChessBase"]
[SourceDate "2012.11.12"]
[SourceVersion "1"]
[SourceVersionDate "2012.11.12"]
[SourceQuality "1"]

1. e4 e5 2. Nf3 d6 3. d4 exd4 4. Nxd4 Nf6 5. Nc3 Be7 6. f3 0-0 7. Be3 Nc6 8. Nxc6 bxc6 9. Bc4 Be6 10. Bb3 d5 11. 0-0 Re8 12. e5 Nd7 13. f4 f5 14. Ne2 1-0

[Event "LSS ZH-2009-0-00279"]
[Site "LSS email"]
[Date "2009.05.10"]
[Round "?"]
[White "Ortiz, Manuel"]
[Black "Billaudelle, Frank"]
[Result "1-0"]
[WhiteElo "2230"]
[BlackElo "2323"]
[PlyCount "39"]
[EventDate "2009.04.22"]
[EventType "match (corr)"]
[EventRounds "2"]
[EventCountry "GER"]
[SourceTitle "Corr 2011"]
[Source "ChessBase"]
[SourceDate "2010.08.31"]
[SourceVersion "1"]
[SourceVersionDate "2010.08.31"]
[SourceQuality "1"]

1. e4 e6 2. d4 d5 3. e5 c5 4. c3 Nc6 5. Nf3 Bd7 6. Be2 cxd4 7. cxd4 f6 8. 0-0 fxe5 9. dxe5 g6 10. Bg5 Qb8 11. Nc3 Bg7 12. Bb5 h6 13. Be3 Nge7 14. Bc5 Nf5 15. Re1 Bf8 16. Nxd5 exd5 17. e6 Bxc5 18. exd7+ Kxd7 19. Ne5+ Kc7 20. Qxd5 1-0

[Event "LSS CP-2008-P-00027"]
[Site "LSS email"]
[Date "2008.10.01"]
[Round "?"]
[White "Billaudelle, Frank"]
[Black "Behal, Jaromir"]
[Result "0-1"]
[WhiteElo "2330"]
[BlackElo "1406"]
[PlyCount "26"]
[EventDate "2008.10.01"]
[EventType "tourn (corr)"]
[EventRounds "6"]
[EventCountry "GER"]
[SourceTitle "Corr 2013"]
[Source "ChessBase"]
[SourceDate "2012.11.12"]
[SourceVersion "1"]
[SourceVersionDate "2012.11.12"]
[SourceQuality "1"]
[WhiteTeam "US of America"]
[BlackTeam "US of America"]
[WhiteTeamCountry "USA"]
[BlackTeamCountry "USA"]

1. e4 d6 2. d4 Nf6 3. Nc3 g6 4. Nf3 Bg7 5. Be2 0-0 6. 0-0 c6 7. Re1 Bg4 8. h3 Bxf3 9. Bxf3 e5 10. d5 c5 11. Be3 a6 12. a4 Nbd7 13. a5 Qc7 0-1

[Event "LSS CP-2008-P-00027"]
[Site "LSS email"]
[Date "2008.10.01"]
[Round "?"]
[White "Billaudelle, Frank"]
[Black "Pecotic, Kuzma"]
[Result "0-1"]
[WhiteElo "2330"]
[BlackElo "2221"]
[PlyCount "32"]
[EventDate "2008.10.01"]
[EventType "tourn (corr)"]
[EventRounds "6"]
[EventCountry "GER"]
[SourceTitle "Corr 2011"]
[Source "ChessBase"]
[SourceDate "2010.08.31"]
[SourceVersion "1"]
[SourceVersionDate "2010.08.31"]
[SourceQuality "1"]

1. e4 c5 2. Nf3 d6 3. d4 cxd4 4. Nxd4 Nf6 5. Nc3 Nc6 6. Bg5 e6 7. Qd2 a6 8. 0-0-0 h6 9. Be3 Be7 10. f4 Bd7 11. Kb1 Qc7 12. Be2 b5 13. Bf3 Rc8 14. Nb3 b4 15. Na4 Rb8 16. e5 dxe5 0-1

[Event "LSS CP-2008-P-00027"]
[Site "LSS email"]
[Date "2008.10.01"]
[Round "?"]
[White "Laine, Jari"]
[Black "Billaudelle, Frank"]
[Result "1-0"]
[WhiteElo "1729"]
[BlackElo "2330"]
[PlyCount "21"]
[EventDate "2008.10.01"]
[EventType "tourn (corr)"]
[EventRounds "6"]
[EventCountry "GER"]
[SourceTitle "Corr 2013"]
[Source "ChessBase"]
[SourceDate "2012.11.12"]
[SourceVersion "1"]
[SourceVersionDate "2012.11.12"]
[SourceQuality "1"]
[WhiteTeam "US of America"]
[BlackTeam "US of America"]
[WhiteTeamCountry "USA"]
[BlackTeamCountry "USA"]

1. e4 d6 2. d4 g6 3. Nc3 Bg7 4. Nf3 e6 5. g3 Nf6 6. Bg2 0-0 7. 0-0 b6 8. e5 Nd5 9. exd6 cxd6 10. Nxd5 exd5 11. Bf4 1-0